|
|
|
|
| LEADER |
00000nam0a2200000 4500 |
| 001 |
291782 |
| 005 |
20240122093138.0 |
| 035 |
|
|
|a (RuTPU)RU\TPU\book\316371
|
| 090 |
|
|
|a 291782
|
| 100 |
|
|
|a 20150417d2014 m y0rusy50 ca
|
| 101 |
0 |
|
|a eng
|a rus
|
| 102 |
|
|
|a RU
|
| 105 |
|
|
|a a j 001zy
|
| 200 |
1 |
|
|a Экскурс в культуру Китая, Японии и Кореи
|e учебное пособие для вузов
|d Insights into Culture of China, Japan and Korea
|f Н. В. Богоряд, Т. Б. Лысунец, Е. В. Швагрукова
|g Национальный исследовательский Томский политехнический университет (ТПУ)
|
| 210 |
|
|
|a Томск
|c Изд-во ТПУ
|d 2014
|
| 215 |
|
|
|a 123 с.
|c ил.
|
| 320 |
|
|
|a Библиогр.: с. 120-122.
|
| 330 |
|
|
|a Пособие состоит из профессионально ориентированных текстов по теме «Литература, искусство, музыка, кино и театр Китая, Японии и Кореи», к каждому из которых авторами разработаны упражнения, предполагающие индивидуальную, парную и групповую работу.Текстовый материал пособия позволит студентам получить актуальную информацию в области культурных связей стран АТР, пополнить словарь профессиональных терминов по своей специальности, отработать написание аннотаций. Тексты являются аутентичными и отобраны из современных англоязычных источников (в том числе интернет-сайтов).Учебное пособие предназначено для студентов старших курсов гуманитарных специальностей.
|
| 510 |
1 |
|
|a Insights into Culture of China, Japan and Korea
|z eng
|
| 606 |
1 |
|
|a Английский язык
|x Учебные руководства и пособия
|x Пособия по развитию речи, разговорники
|2 stltpush
|3 (RuTPU)RU\TPU\subj\29074
|9 52486
|
| 610 |
1 |
|
|a труды учёных ТПУ
|
| 610 |
1 |
|
|a лексика
|
| 610 |
1 |
|
|a разговорная речь
|
| 610 |
1 |
|
|a культуризм
|
| 610 |
1 |
|
|a восточная культура
|
| 610 |
1 |
|
|a Китай
|
| 610 |
1 |
|
|a Япония
|
| 610 |
1 |
|
|a Корея
|
| 686 |
|
|
|a Ш143.21-923.4
|2 rubbk
|
| 700 |
|
1 |
|a Богоряд
|b Н. В.
|c лингвист
|c старший преподаватель Томского политехнического университета
|f 1977-
|g Наталия Владимировна
|3 (RuTPU)RU\TPU\pers\33122
|
| 701 |
|
1 |
|a Лысунец
|b Т. Б.
|c лингвист
|c старший преподаватель Томского политехнического университета
|f 1976-
|g Татьяна Борисовна
|3 (RuTPU)RU\TPU\pers\28434
|9 13272
|
| 701 |
|
1 |
|a Швагрукова
|b Е. В.
|c лингвист
|c доцент Томского политехнического университета, кандидат филологических наук
|f 1980-
|g Екатерина Васильевна
|3 (RuTPU)RU\TPU\pers\30797
|9 15053
|
| 712 |
0 |
2 |
|a Национальный исследовательский Томский политехнический университет (ТПУ)
|c (2009- )
|3 (RuTPU)RU\TPU\col\15902
|
| 801 |
|
1 |
|a RU
|b 63413507
|c 20150417
|
| 801 |
|
2 |
|a RU
|b 63413507
|c 20150420
|g RCR
|
| 942 |
|
|
|c BK
|